| 000 | 01048cam a2200313 a 4500 | ||
|---|---|---|---|
| 999 |
_c23598 _d23598 |
||
| 001 | vtls011596942 | ||
| 005 | 20240710091530.0 | ||
| 008 | 180124s2016 xo gr 000 fdslo | ||
| 020 |
_a9788055150673 _q(viazané) |
||
| 040 |
_aPPPK _bslo _cPPPK _dSNK _eAACR2 |
||
| 041 | 0 | _aslo | |
| 044 |
_axo _cSK |
||
| 072 | 7 |
_a821.162.4-3 _xSlovenská próza _2konspekt |
|
| 080 |
_a821.162.4-31 _22011 |
||
| 080 |
_a(0:82-312.4) _22011 |
||
| 100 | 1 |
_aNeuer, Václav, _d1970- _4aut _93946 |
|
| 245 | 1 | 0 |
_aVražda s pridanou hodnotou _cVáclav Neuer |
| 250 | _aPrvé vydanie | ||
| 260 |
_aBratislava _bIkar _c2016 |
||
| 300 |
_a375 strán _c21 cm |
||
| 490 | 1 | _aPôvodný slovenský zločin | |
| 500 | _aObsahuje biografické a profesijné údaje o autorovi na zadnej strane prebale publikácie | ||
| 655 | 7 |
_aslovenské romány _2SNKPH _91694 |
|
| 655 | 7 |
_adetektívne romány _2SNKPH _91710 |
|
| 655 | 7 |
_aSlovak fiction _2SNKPHeng _91695 |
|
| 655 | 7 |
_aDetective novels _2SNKPHeng _91711 |
|
| 958 | _aLX | ||